Exposición Regional de Gijon (Record no. 183871)

MARC details
000 -LEADER
campo de control de longitud fija 00498nam a2200145 i 4500
001 - NÚMERO DE CONTROL
campo de control 183871
003 - IDENTIFICADOR DE NÚMERO DE CONTROL
campo de control ES-MaACL
005 - FECHA Y HORA DE LA ÚLTIMA TRANSACCIÓN
campo de control 20230906222005.0
008 - DATOS DE LONGITUD FIJA--INFORMACIÓN GENERAL
campo de control de longitud fija 141031s1899 sp |||| | spa d
111 2# - ENTRADA PRINCIPAL--NOMBRE DE CONGRESO/REUNIÓN
Nombre de congreso/reunión o jurisdicción como elemento de entrada Exposición Regional de Gijón (
Fecha del congreso o de la firma del tratado 1899)
9 (RLIN) 155822
245 10 - MENCIÓN DEL TÍTULO
Título Exposición Regional de Gijon
Resto del título : Reglamento y clasificación de objetos ó productos.
260 ## - PUBLICACIÓN, DISTRIBUCIÓN, ETC.
Lugar de publicación, distribución, etc. Gijon :
Nombre del editor, distribuidor, etc. [s.n.],
Fecha de publicación, distribución, etc. 1899 (
Fabricante Imp. del Comercio)
300 ## - DESCRIPCIÓN FÍSICA
Extensión 29, [8] p., [2] h. pleg. ;
Dimensiones 21 cm.
852 ## - LOCALIZACIÓN
Ubicación ES-MaACL
Número de control de estantería T-805-F-10
Holdings
Estatus retirado Estado de pérdida Estado de daño No para préstamo Colección Biblioteca de origen Biblioteca actual Ubicación en estantería Fecha de adquisición Fuente de adquisición Total de préstamos Signatura topográfica completa Código de barras Visto por última vez Precio de reemplazo Tipo de ítem Koha
        Colección de folletos Biblioteca del Ateneo de Madrid Biblioteca del Ateneo de Madrid Depósito folletos 31/10/2014     T-805-F-10 1193335 23/02/2023 23/02/2023 Folleto